000 00925cam a22002771 4500
001 sa 68012322
003 DLC
005 20260227112609.0
008 691113s1967 ii a b 100 0 eng
010 _asa 68012322
025 _aPL480:I-E-9422
040 _aDLC
_cDLC
_dDLC
050 0 0 _aQK601
_b.S965 1966
082 0 0 _a589/.2
111 2 _aSymposium on Physiology of Fungi,
_cChandigarh,
_d1966.
245 0 0 _aProceedings.
260 _aNew Delhi,
_bNational Institute of Sciences of India,
_c1967.
300 _a127 p.
_billus.
_c24 cm.
350 _a5.85
490 1 _aNational Institute of Sciences of India. Bulletin,
_vno. 35
500 _aOrganized by the National Institute of Sciences of India.
504 _aIncludes bibliographies.
650 0 _aFungi
_xPhysiology.
710 2 _aNational Institute of Sciences of India.
830 0 _aBulletin of the National Institute of Sciences of India ;
_vno. 35.
999 _c84453
_d84453